Raptors of Iowa - Statistics

General Stats
  • This quiz has been taken 11 times
  • The average score is 10 of 19
Answer Stats
Picture Hint Answer % Correct
This species is repeated in this quiz Bald Eagle
100%
American Kestrel
80%
Osprey
80%
Turkey Vulture
70%
This species is repeated twice in this quiz Red-tailed Hawk
60%
Cooper's Hawk
50%
Golden Eagle
50%
Northern Harrier
50%
Peregrine Falcon
50%
Red-shouldered Hawk
50%
American Goshawk
40%
Broad-winged Hawk
40%
Rare subspecies of common raptor Harlan's Hawk (Red-tailed Hawk)
40%
Merlin
40%
Rough-legged Hawk
40%
Sharp-shinned Hawk
40%
Swainson's Hawk
40%
Bald Eagle (Juvenile)
30%
Rare subspecies of common raptor Krider's Hawk (Red-tailed Hawk)
30%
No matching quizzes found
Score Distribution
Percent of People with Each Score
Percentile by Number Answered
Your Score History
You have not taken this quiz